000 01380nam a2200361Ia 4500
001 ebr10588837
003 CaPaEBR
006 m u
007 cr cn|||||||||
008 940513s1995 nyu sb 001 0 eng d
010 _z 94018317
020 _z0791424073 (alk. paper)
020 _z0791424081 (pbk. : alk. paper)
020 _z9780791424070
020 _z9781438424361
040 _aCaPaEBR
_cCaPaEBR
035 _a(OCoLC)43475231
050 1 4 _aBM723
_b.W645 1995eb
082 0 4 _a296.1/6
_220
100 1 _aWolfson, Elliot R.
245 1 0 _aAlong the path
_h[electronic resource] :
_bstudies in Kabbalistic myth, symbolism, and Hermeneutics /
_cElliot R. Wolfson.
260 _aAlbany :
_bState University of New York Press,
_cc1995.
300 _axiii, 283 p.
504 _aIncludes bibliographical references (p. 247-269) and index.
533 _aElectronic reproduction.
_bPalo Alto, Calif. :
_cebrary,
_d2011.
_nAvailable via World Wide Web.
_nAccess may be limited to ebrary affiliated libraries.
630 0 0 _aSefer ha-bahir.
650 0 _aMysticism
_xJudaism
_xHistory.
650 0 _aCabala
_xHistory.
650 0 _aHasidism
_xHistory.
655 7 _aElectronic books.
_2local
710 2 _aebrary, Inc.
856 4 0 _uhttp://site.ebrary.com/lib/rucke/Doc?id=10588837
_zAn electronic book accessible through the World Wide Web; click to view
999 _c208541
_d208541